00286nam a2200109Ia 4500008004000000082002000040100002400060245003100084260003800115300000800153650001500161210210b1997 xxu||||| |||| 00| 0 eng d a375.6137K ARAS aARALIMATTY (Es Em). aSamagra kridangana baga-2. aBelagavi.bUdaya Prakashanac1997 a329 aKridangana